Some successive approximation methods in control and oscillation theory /
Guardado en:
| Autor Principal: | |
|---|---|
| Otros Autores: | |
| Formato: | Libro |
| Idioma: | English |
| Publicado: |
New York :
Academic Press,
1969.
|
| Series: | Mathematics in science and engineering ;
v. 59 |
| Materias: | |
| Etiquetas: |
Agregar Etiqueta
Sin Etiquetas, Sea el primero en etiquetar este registro!
|
| LEADER | 00826cam a2200241 a 4500 | ||
|---|---|---|---|
| 001 | MAT.inmabb005767 | ||
| 008 | 700114s1969####nyua#####b####001#0#eng## | ||
| 005 | 20170612121337.0 | ||
| 245 | 1 | 0 | |a Some successive approximation methods in control and oscillation theory / |c [by] Peter L. Falb [and] Jan L. de Jong. |
| 260 | |a New York : |b Academic Press, |c 1969. | ||
| 300 | |a viii, 240 p. : |b il. ; |c 24 cm. | ||
| 440 | 0 | |a Mathematics in science and engineering ; |v v. 59 | |
| 504 | |a Bibliografía: p. 231-233. | ||
| 510 | 4 | |a MR, |c 41 #9446 | |
| 020 | |a 0122479505 | ||
| 100 | 1 | |a Falb, Peter L. | |
| 700 | 1 | |a Jong, Jan L. de. | |
| 650 | 0 | |a Iterative methods (Mathematics) | |
| 650 | 0 | |a Boundary value problems. | |
| 084 | |a 65.62 (34.00) |2 MR | ||
| 010 | |a 73091420 | ||
| 040 | |a DLC |c DLC |d DLC | ||
| 859 | |h 65 |i F177 |p A-4145 |b BIB. MATEMATICA | ||
